Statistics for Dallas Mavericks NBA Champions

Click here to take the quiz!

General Stats

  • This quiz has been taken 60 times
  • The average score is 6 of 12

Answer Stats

TitlesPlayer% Correct
1Dirk Nowitzki
100%
1Jason Kidd
91%
1Tyson Chandler
79%
1Jason Terry
77%
1Shawn Marion
77%
1J.J. Barea
68%
1DeShawn Stevenson
35%
1Peja Stojaković
35%
1Brendan Haywood
30%
1Brian Cardinal
18%
1Ian Mahinmi
18%
1Corey Brewer
16%

Score Distribution

Percentile by Number Answered

Percent of People with Each Score

Your Score History

You have not taken this quiz